00856nam a22002657a 45000010005000000030006000050050017000110080041000280200018000690400029000870500013001160820011001291000036001402450030001762500027002062600035002333000045002685050007003135200166003205210019004865210018005056500024005236500020005477000023005674999FISKH20250819160334.0241031b cb ||||| |||| 00| 0 eng d a9780590444552 aFISKHbengcFISKHdFISKH aPZ7.E355 2813.54 aClements, Andrewd(1949–2019) aBig ai /cAndrew Clements aFirst printing in 1991 aNew York :bScholastic,c1991. a26 pages :bcolor illustrations ;c22 cm aR  aA big, ugly fish has trouble making the friends he longs for because of his appearance--until the day his scary appearance saves them all from a fisherman's net.8 a740 bLexile 8 aR bRaz-Plus  2FriendshipaFriends 2FeelingsaOcean aYoshidIllustrator